| 000 | 00409nam a22001697a 4500 | ||
|---|---|---|---|
| 005 | 20160518112402.0 | ||
| 008 | 160518b xxu||||| |||| 00| 0 eng d | ||
| 020 | _a978-81-203-3848-7 | ||
| 041 | _aeng | ||
| 082 | _b2832 | ||
| 100 |
_aKaul, Asha _9282 |
||
| 245 | _aBusiness Communication | ||
| 260 |
_aNew Delhi _bPHI learning Pvt. Ltd. _c2009 |
||
| 300 | _a254 | ||
| 650 |
_aManagement _9241 |
||
| 942 | _cBK | ||
| 999 |
_c1002 _d1002 |
||